Políticas de servicios sociales

Saved in:
Bibliografiske detaljer
Hovedforfatter: Casado Pérez, Demetrio (Author)
Format: Bog
Sprog:spansk
Udgivet: Buenos Aires Lumen/Humanitas 1998
Serier:Colección Política, Servicios y Trabajo Social
Fag:
Tags: Tilføj Tag
Ingen Tags, Vær først til at tagge denne postø!

MARC

LEADER 00000nam a2200000 a 4500
001 UCO1087
003 CL-VaPUC
008 000505e19980000AG |||||||||||||||||spa|d
082 0 4 |a 361.3  |b CAS  |2 21 
100 0 |a Casado Pérez, Demetrio  |e author  |9 442896 
245 1 0 |a Políticas de servicios sociales 
300 |a 172 p 
942 |c BK 
945 |d 20000505 00:00:00  |a rbrito 
260 |a Buenos Aires  |b Lumen/Humanitas  |c 1998 
650 0 |a Trabajo social   |9 307856 
650 0 |a Políticas sociales  |9 358116 
650 0 |a Acción social  |9 307836 
650 0 |a Servicio social  |9 307999 
583 |a last modification  |c 20000505 00:00:00  |k Rodrigo Vera 
490 0 |a Colección Política, Servicios y Trabajo Social 
999 |c 287720  |d 287718 
952 |0 0  |1 0  |4 0  |6 361_300000000000000_CAS_1998  |7 0  |8 A  |9 334686  |a BIBGIM  |b BIBGIM  |d 2019-11-20  |i 3611272  |o 361.3 CAS 1998  |p 3611272  |r 2025-01-15  |w 2019-11-20  |y BK  |k SSL